Agents of atrocity (Record no. 217770)
[ view plain ]
| 000 -LEADER | |
|---|---|
| fixed length control field | 01435nam a2200373Ia 4500 |
| 082 04 - DEWEY DECIMAL CLASSIFICATION NUMBER | |
| Classification number | 323/.044 |
| 100 1# - MAIN ENTRY--AUTHOR NAME | |
| Personal name | Mitchell, Neil J. |
| 245 10 - TITLE STATEMENT | |
| Title | Agents of atrocity |
| 260 ## - PUBLICATION, DISTRIBUTION, ETC. (IMPRINT) | |
| Place of publication | New York : |
| Name of publisher | Palgrave Macmillan, |
| Year of publication | 2004. |
| 300 ## - PHYSICAL DESCRIPTION | |
| Number of Pages | 228 p. |
| 650 #0 - SUBJECT ADDED ENTRY--TOPICAL TERM | |
| Topical Term | Political violence. |
| Topical Term | War victims. |
| Topical Term | Human rights. |
| Topical Term | Civil war |
| Topical Term | Political leadership |
| Topical Term | Control (Psychology) |
| Topical Term | Brainwashing. |
| 856 40 - ELECTRONIC LOCATION AND ACCESS | |
| Uniform Resource Identifier | http://site.ebrary.com/lib/rucke/Doc?id=10118438 |
No items available.
